000 00621nam a2200229Ia 4500
003 OSt
005 20221005050117.0
006 a|||||r|||| 00| 0
007 ta
008 221004b |||||||| |||| 00| 0 eng d
024 _a8675
037 _bGift, 28/01/2014,
_cTextual
040 _aCRL
_cCRL
_beng
041 _2eng
_aeng
082 _aT4xM64, Q3
245 0 _aSir Ashutosh Mookerjee
_b A tribute
260 _aKolkata
_bUniversity of Kolkata India
_c2013
300 _axi,202p.
_ccm.
650 _aEDUCATION
942 _hT4xM64, Q3
_cTEXL
_2cc
999 _c956305
_d956305